Normal view
MARC view
Entry Topical Term
001 - CONTROL NUMBER
- control field: 81894
003 - CONTROL NUMBER IDENTIFIER
- control field: OSt
005 - DATE AND TIME OF LATEST TRANSACTION
- control field: 20230329170149.0
008 - FIXED-LENGTH DATA ELEMENTS
- fixed length control field: 230329|| aca||aabn | a|a d
040 ## - CATALOGING SOURCE
- Original cataloging agency: OSt
- Transcribing agency: OSt
150 ## - HEADING--TOPICAL TERM
- Topical term or geographic name entry element: समान्यशास्त्र
670 ## - SOURCE DATA FOUND
- Source citation: Work cat.: (OSt)66084: शर्मा, महेश दत्त 81893, आधार आपकी पहचान , 200









